000 00413nam a2200157Ia 4500
008 210210b1972 xxu||||| |||| 00| 0 eng d
082 _a338 SHAI
100 _aSHARMA (Tulsi Ram) & CHAUHAN (S D Singh).
245 _aIndian industries. Ed.5
250 _a
260 _aAgra
_bShiva lal agarwala & co
_c1972
300 _a622
650 _aIndian industries
690 _aIndustrial Economics
906 _a030194
999 _c81381
_d81381